00556nam a2200169 a 4500001001000000003000900010005001700019007001000036008004100046040002200087100003200109245008400141260003600225300002100261500006300282504004100345000016533DO-SdBNP20180202151452.0000016533100308s1987 dr 001 0 spa d aBPMETbspacBPMET1 aWilliams Zorrilla, Héctor10aPsicología femenina y masculina del matrimonio /cHéctor Williams Zorrilla. aSanto Domingo :bTaller,c1987. a232 p. :b23 cm. aIncluye datos biográficos del autor en la contracubierta aIncluye bibliografías [p. 227-228]